01414nam a2200361 i 4500001001200000003000600012005001700018008004100035035002200076035002300098040002200121100003600143245019600179250002100375260006400396300003700460336002700497337005400524338002800578380001600606490010200622504001200724648001900736650002500755650002000780651001600800651001600816651002800832658001300860658002800873710004100901800011000942xx004082767NUKAT20260420202006.0170803s1885 gw |001 0dger c a(OCoLC)1003027771 a(NUKAT)xx004082767 aGD U/EBcGD U/EBs1 aJanssen, Johannesd(1829-1891).10aAllgemeine Zustände des deutschen Volkes :bseit dem sogenannten Ausburger Religionsfrieden vom Jahre 1555 bis zur Verkündigung der Concordienformel im Jahre 1580 /cvon Johannes Janssen. a1. bis 12. Aufl. aFreiburg im Breisgau :bHerder'sche Verlagshandlung,c1885. aXXXI, [1], 515, [1] s. ;c23 cm. aTekstbtxt2rdacontent aBez urządzenia pośredniczącegobn2rdamedia aWoluminbnc2rdacarrier aKsiążki1 aGeschichte des deutschen Volkes seit dem Ausgang des Mittelalters / von Johannes Janssen ;vBd. 4 aIndeks. 7a1501-16002DBN 7aKontrreformacja2DBN 7aReformacja2DBN 7aEuropa2DBN 7aNiemcy2DBN 7aNiemcyxhistoria.2kaba aHistoria aReligia i duchowość2 aHerdersche Verlagsbuchhandlung.4pbl1 aJanssen, Johannesd(1829-1891).tGeschichte des deutschen Volkes seit dem Ausgang des MittelaltersvBd. 4